000 00382nam a2200157Ia 4500
008 230711s9999||||xx |||||||||||||| ||und||
041 _aENG
082 _a543
_bME-V
100 _aMendham,J
245 0 _aVogel's Textbook of Quantitative Chemical Analysis
250 _a6th Ed.
260 _c2007
_aNew Delhi
_bPearson
650 _aChemistry
700 _aDenney,R.C
942 _cBK
999 _c4796
_d4796